Zastosowanie metod optymalizacyjnych w planowaniu galeziowym

Gespeichert in:
Bibliographische Detailangaben
1. Verfasser: Pierscionek, Z.
Format: Buch
Sprache:Polnisch
Veröffentlicht: Warszawa Szkola glówna planowania i statystyki 1980
Schriftenreihe:Monografie i opracowania 90
Tags: Tag hinzufügen
Keine Tags, Fügen Sie das erste Tag hinzu!

MARC

LEADER 00000nam a2200000 4500
001 c142480
005 20041019155325.0
041 0 |a pol 
044 |a PL 
245 1 0 |a Zastosowanie metod optymalizacyjnych w planowaniu galeziowym  |c Zdzislaw Pierscionek 
264 1 |a Warszawa  |b Szkola glówna planowania i statystyki  |c 1980 
300 |a 295 s. 
490 1 |a Monografie i opracowania  |v 90 
830 0 |a Monografie i opracowania  |v 90 
100 1 |a Pierscionek, Z.